The osmotic pressure of cane sugar solutions
Bewaard in:
| Hoofdauteur: | |
|---|---|
| Formaat: | Boek |
| Taal: | Engels |
| Gepubliceerd in: |
Lexington
Eschenbach Printing Company
1906
|
| Onderwerpen: | |
| Tags: |
Voeg label toe
Geen labels, Wees de eerste die dit record labelt!
|
MARC
| LEADER | 00000cam a2200000 a 4500 | ||
|---|---|---|---|
| 001 | UCF4049 | ||
| 003 | CL-VaPUC | ||
| 008 | 121115e19060000US |||||||||||||||||eng|d | ||
| 082 | 0 | 4 | |a 660.28 |b HOF |2 21 |
| 100 | 0 | |a Hoffman, Ernest Jenkins |e author |9 565692 | |
| 245 | 1 | 4 | |a The osmotic pressure of cane sugar solutions |
| 246 | 1 | 4 | |a The semipermeable membrane of copper cobalticyanide |
| 300 | |a 66 p | ||
| 942 | |c BK | ||
| 945 | |d 20121115 00:00:00 |a dcastane | ||
| 260 | |a Lexington |b Eschenbach Printing Company |c 1906 | ||
| 650 | 0 | |a Membranas |9 334031 | |
| 650 | 7 | |a MEMBRANAS SINTETICAS |2 CL-VaPUC |9 434174 | |
| 650 | 0 | |a Biotecnología |9 259561 | |
| 650 | 7 | |a OSMOSIS |2 CL-VaPUC |9 313541 | |
| 650 | 0 | |a Polarización |9 354950 | |
| 583 | |a last modification |c 20121115 10:00:00 |k Rodrigo Vera | ||
| 999 | |c 350045 |d 350043 | ||
| 952 | |0 0 |1 0 |4 0 |6 660_280000000000000_HOF_1906 |7 0 |8 A |9 453016 |a BIBALI |b BIBALI |c GEN |d 2019-11-22 |i 4923804 |o 660.28 HOF 1906 |p 4923804 |r 2025-01-20 |w 2019-11-22 |y BK |k ALI | ||